| 000 | 01389nam1a2200301 i 4500 | ||
|---|---|---|---|
| 001 | RU\NLR\BIBL_A\011541267 | ||
| 005 | 20260405130027.0 | ||
| 035 | _a(NLR Aleph) 011541267 | ||
| 090 |
_a12196503 _c12196503 |
||
| 100 | _a20171121g20169999k y0rusy50 ca | ||
| 101 | 0 |
_arus _deng |
|
| 102 | _aRU | ||
| 105 | _aa|||z|||000zy | ||
| 200 | 1 |
_aСинергетика и теория сложности: междисциплинарный подход _e[монография] _fБуданов В.Г. _gУчреждение Российской академии наук, Институт философии РАН |
|
| 210 |
_aМосква _aКурск _cУниверситетская книга _d2016 |
||
| 215 | _d20 | ||
| 300 | _aНа 4-й с. обл. авт.: Буданов В.Г., д.филос.н., к.ф.-м.н. | ||
| 606 | 1 |
_aСинергетика _xФилософские вопросы _91634980 _3RU\NLR\AUTH\661020824 |
|
| 606 |
_aСинергетика _91300855 _3RU\NLR\AUTH\66538732 |
||
| 686 | 1 | _aЮ212.761 | |
| 686 | 1 | _aЮ252:З81 | |
| 686 | 1 | _aЗ817 | |
| 700 | 1 |
_7ca _8rus _aБуданов _bВ. Г. _cд-р филос. наук, канд. физ.-мат. наук _f1955- _gВладимир Григорьевич _934156 _3RU\NLR\AUTH\7751222 |
|
| 852 |
_aNLR _j2017-3/31785 |
||
| 942 | _cBOOK | ||
| 980 | _aNBR | ||